| Tag |
First Indicator |
Second Indicator |
Subfields |
| LEADER |
00000cam a2200000 a 4500 |
| 001 |
in00000097673 |
| 005 |
20150924085351.0 |
| 008 |
820603s1980 ge 00010 ger d |
| 035 |
|
|
|a (OCoLC)08486964
|
| 035 |
|
|
|9 AAK9297AM
|
| 040 |
|
|
|a TMA
|c TMA
|d TXA
|d UtOrBLW
|
| 049 |
|
|
|a TXAM
|c [1197358]
|
| 090 |
|
|
|a PT2611 U436
|b I77
|
| 100 |
1 |
|
|a Fühmann, Franz.
|
| 240 |
1 |
0 |
|a Prose works.
|k Selections
|
| 245 |
1 |
0 |
|a Irrfahrt und Heimkehr des Odysseus ; Prometheus ; Der Geliebte der Morgenrote und andere Erzahlungen /
|c Franz Fuhmann.
|
| 264 |
|
1 |
|a Leipzig :
|b VEB Hinstorff Verlag Rostock,
|c 1980.
|
| 300 |
|
|
|a 381 pages ;
|c 21 cm.
|
| 336 |
|
|
|a text
|b txt
|2 rdacontent
|
| 337 |
|
|
|a unmediated
|b n
|2 rdamedia
|
| 338 |
|
|
|a volume
|b nc
|2 rdacarrier
|
| 505 |
0 |
|
|a Irrfahrt und Heimkehr des Odysseus -- Prometheus: Die Titanenschlacht -- Der Geliebte der Morgenrote -- Hera und Zeus -- Marsyas -- Das Netz des Hephaistos.
|
| 740 |
0 |
|
|a Prometheus.
|
| 740 |
4 |
|
|a Der Geliebte der Morgenrote
|
| 999 |
|
|
|a MARS
|
| 999 |
f |
f |
|s af4b7ae6-cda8-3b34-9b97-0d8ad3178dd5
|i a422a1f6-b261-375b-b0ff-c5506157a272
|t 0
|
| 952 |
f |
f |
|p normal
|a Texas A&M University
|b College Station
|c Sterling C. Evans Library
|d Evans: Library Stacks
|t 0
|e PT2611 U436 I77
|h Library of Congress classification
|i unmediated -- volume
|m A14806017701
|
| 998 |
f |
f |
|a PT2611 U436 I77
|t 0
|l Evans: Library Stacks
|